Derecho notarial chileno: doctrina, legislación, jurisprudencia, resoluciones e instrucciones de los tribunales superiores de justicia y de la Dirección General de Impuestos Internos, prácticas, formularios, bibliografia notarial

Saved in:
Bibliografiske detaljer
Hovedforfatter: Díaz Mieres, Luis (Author)
Format: Bog
Sprog:spansk
Udgivet: Santiago Jurídica de Chile 1971
Udgivelse:2a. ed
Fag:
Tags: Tilføj Tag
Ingen Tags, Vær først til at tagge denne postø!

MARC

LEADER 00000nam a2200000 a 4500
001 UCS1038
003 CL-VaPUC
008 970506e19710000CL |||||||||||||||||spa|d
082 0 4 |a 347.016  |b DIA  |2 21 
100 0 |a Díaz Mieres, Luis  |e author  |9 385047 
245 1 0 |a Derecho notarial chileno: doctrina, legislación, jurisprudencia, resoluciones e instrucciones de los tribunales superiores de justicia y de la Dirección General de Impuestos Internos, prácticas, formularios, bibliografia notarial 
250 |a 2a. ed 
300 |a 685 p 
942 |c BK 
945 |d 19970506 00:00:00  |a lriquelm 
260 |a Santiago  |b Jurídica de Chile  |c 1971 
650 0 |a Derecho notarial  |9 326137 
650 0 |a Notarios  |9 254869 
650 0 |a Jurisprudencia  |9 255952 
650 7 |a ESCRITURAS PUBLICAS  |2 CL-VaPUC  |9 385048 
651 7 |a CHILE  |2 CL-VaPUC  |9 385049 
583 |a last modification  |c 19970506 00:00:00  |k Rodrigo Vera 
999 |c 259149  |d 259147 
952 |0 0  |1 0  |4 0  |6 347_016000000000000_DIA_1971  |7 0  |8 A  |9 283734  |a BIBDER  |b BIBDER  |d 2019-11-19  |i 1840339  |o 347.016 DIA 1971  |p 1840339  |r 2023-01-25  |w 2019-11-19  |y BK  |k DER